Facta Universitatis, Series

Salvato in:
Dettagli Bibliografici
Natura: Periodico
Lingua:inglese
Pubblicazione: Niš University of Niš
Tags: Aggiungi Tag
Nessun Tag, puoi essere il primo ad aggiungerne!!

MARC

LEADER 00000nas1a2200000 4500
001 0305628
005 20241216085105.2
022 |a 0354-4699 
022 |a 2406-050X 
041 0 |a eng 
044 |a RS 
245 1 0 |a Facta Universitatis, Series 
264 1 |a Niš  |b University of Niš